000 01594nam a2200349 a 4500
001 0000285
003 DO-SdBNP
005 20180312101146.0
007 0000285
008 091125s2008 dr a 000 0 spa d
020 _a9789945112665
040 _aBPMSU
_bspa
_cBPMSU
082 0 4 _a372.63
_bI37o 2do. 2008
100 1 _aIncháustegui, María Isabel
245 1 0 _aOrtografía 2 :
_b[educación básica] /
_cMaría Isabel Incháustegui ; dirección editorial Obdulia García de Escobar ; ilustración Ruddy Núñez.
260 _aSanto Domingo :
_bSantillana,
_c2008.
300 _a55 p. :
_bil. ;
_c28 cm.
490 1 _aCoral
505 0 _tSonido r fuerte; sonido r suave --
_tPalabras con c-q, c-g --
_tPalabras con g-gu --
_tPalabras con z-c --
_tGrupos consonánticos --
_tPalabras con m antes de p --
_tPalabras con m antes de b --
_tPalabras terminadas en z y d --
_tMayúsculas en nombres propios --
_tSignos de admiración; el guión --
_tUso de la mayúscula en nombres propios --
_tNúmeros ordinales y cardinales --
_tRefuerzo --
650 4 _aESPAÑOL
_xORTOGRAFÍA
_xENSEÑANZA BÁSICA
650 4 _aESPAÑOL
_xORTOGRAFÍA
_xEDUCACIÓN PRIMARIA
650 4 _aESPAÑOL
_xORTOGRAFÍA
_xESTUDIOS Y EJERCICIOS
650 4 _aESPAÑOL
_xORTOGRAFÍA
_xLIBROS DE TEXTOS
650 4 _aEDUCACIÓN PRIMARIA
_zREPÚBLICA DOMINICANA
700 1 _aGarcía de Escobar, Obdulia ,
_eed.
700 1 _aNúñez, Ruddy
_eil.
830 0 _aCoral
910 _aValidado. Control de calidad MFF
942 _2ddc
_cBK
945 _aRemanejado para la Bib. BNPHU, 2018/ YL
956 _aYLOCKWARD
_b10
999 _c9778
_d9778